| 000 | 00862nam a2200241 a 4500 | ||
|---|---|---|---|
| 001 | 54610 | ||
| 003 | BD-RjUL | ||
| 005 | 20211209080138.0 | ||
| 008 | 161108s1994 ii ||||| |||| 00| p ben d | ||
| 020 |
_a8170794846 _c: Tk. 35.00 |
||
| 035 | _a(BD-RjUL)54732 | ||
| 040 |
_aBD-RjUL _bben _cBD-RjUL |
||
| 041 | _aben | ||
| 082 |
_223 _a891.441 _bCHA 1994 |
||
| 100 |
_aচক্রবর্তী, অমিয় _9127518 |
||
| 245 | 1 | 0 |
_aঅমিয় চক্রবর্তীর শ্রেষ্ঠ কবিতা / _cঅমিয় চক্রবর্তী |
| 250 | _a৩য় সং. | ||
| 260 |
_aকলকাতা : _bদে'জ পাবলিশিং, _c১৯৯৪ |
||
| 300 |
_a১৪৪ পৃ. ; _c২৩ সেমি. |
||
| 650 |
_aবাংলা কবিতা _9162880 |
||
| 650 |
_aBengali Poetry _9162881 |
||
| 942 |
_2ddc _cBK |
||
| 999 |
_c54610 _d54610 |
||